000 00637cab a2200193 4500
001 ABS37779
008 090401t1987 xxu||||| |||| 00| 0 eng d
035 _a(Sirsi) u6709
041 _aeng
100 _aWebb, C.
245 _aSteel on the screen
260 _c1987
350 _a0
490 _aBuilding
_v252 (25) 19 June 1987, 59-60(2)
520 _aDescribes computer software Fastrak 5950 developed by Computer Services Consultants to guide designers through the new code of practice BS 5950 The structural use of steelwork in building.
690 _aBUILDING AND CONSTRUCTION-COMPUTERS
942 _n0
948 _c04/03/1997
999 _c3997
_d3997